000 00615nam a2200217 a 4500
001 BRL_217
005 20190320210636.0
008 191212s1900----mx-a######---#000-0#spa-#
041 _aspa
044 _amx
050 4 _aF1366
_b.L67 1990
100 1 _aLópez Portillo, José
_923260
245 1 0 _aEstado de Tlaxcala
_cJosé López Portillo.
260 _aMéxico
_bPRI : Instituto Español de Prospectiva en la Educación Superior
_c[1990?]
300 _a75 p.
_bil.
_c28 cm.
500 _aEstado físico: Hojas desprendidas
500 _aAu217
651 4 _aTlaxcala
_923261
902 _aGRL
942 _2lcc
_cB
999 _c9030
_d9030